Statistics for Africa Coats of Arms

Click here to take the quiz!

General Stats

  • This quiz has been taken 1,220 times
    (1,043 since last reset)
  • The average score is 35 of 54

Answer Stats

Answer% Correct
Egypt
99%
Ethiopia
95%
Somalia
95%
Madagascar
94%
Morocco
93%
Niger
85%
Togo
85%
Tunisia
85%
Burkina Faso
84%
Central African Republic
83%
Cameroon
82%
Kenya
82%
Tanzania
80%
Mauritania
79%
Eritrea
78%
Sudan
78%
Mozambique
77%
Liberia
76%
Namibia
74%
Mali
72%
Guinea
71%
Libya
71%
Algeria
70%
Angola
65%
Equatorial Guinea
65%
Zimbabwe
64%
Cote d'Ivoire
63%
DR Congo
63%
Eswatini
62%
Ghana
62%
Botswana
61%
Cabo Verde
61%
Comoros
61%
Zambia
59%
Gabon
58%
Rwanda
54%
South Sudan
54%
Congo
53%
South Africa
51%
Uganda
51%
Lesotho
49%
Chad
48%
Sao Tome and Principe
48%
Senegal
48%
Mauritius
46%
Nigeria
45%
Seychelles
45%
Guinea-Bissau
44%
Djibouti
40%
Burundi
38%
Malawi
35%
Sierra Leone
35%
Benin
34%
Gambia
28%

Score Distribution

Percentile by Number Answered

Percent of People with Each Score

Your Score History

You have not taken this quiz since the last reset